000 00331nam a22001457a 4500
003 OSt
008 240223b |||||||| |||| 00| 0 eng d
020 _a9781781257012
100 _aHOLIDAY,Ryan
245 _aEgo is the Enemy
250 _a1st Ed
260 _aLondon
_bProfile Books Ltd
_c2016
300 _a226
942 _2ddc
_cBK
999 _c12232
_d12232